[Event "2017 Oceania Zone 3.6 Zonal Championship"]
[Site "Auckland NZL"]
[Date "2017.01.15"]
[Round "2.26"]
[White "Crowley, Regan"]
[Black "Yan, Matthew"]
[Result "1/2-1/2"]
[WhiteElo "1761"]
[BlackElo "2019"]
[PlyCount "69"]
[EventDate "2017.01.14"]

1. d4 Nf6 2. c4 e6 3. Nc3 Bb4 4. Qc2 c5 5. e3 b6 6. Nf3 Bb7 7. Bd3 d6 8. O-O
Bxc3 9. bxc3 h6 10. e4 Nbd7 11. Bf4 Qc7 12. e5 Bxf3 13. exf6 g5 14. Be4 Bxe4
15. Qxe4 Rd8 16. Bg3 Nxf6 17. Qf3 Qe7 18. Rae1 O-O 19. d5 e5 20. Qf5 Nh5 21.
Re3 Qd7 22. Qf3 Nxg3 23. Qxg3 f5 24. f4 exf4 25. Rxf4 Kh7 26. Re6 gxf4 27. Qg6+
Kh8 28. Qxh6+ Qh7 29. Qg5 f3 30. Rh6 fxg2 31. Rxh7+ Kxh7 32. Qh5+ Kg7 33. Qg5+
Kh7 34. Qh5+ Kg7 35. Qg5+ 1/2-1/2

[Event "2017 Oceania Zone 3.6 Zonal Championship"]
[Site "Auckland NZL"]
[Date "2017.01.15"]
[Round "2.27"]
[White "Duneas, John"]
[Black "Cooper, Nigel"]
[Result "1-0"]
[WhiteElo "2054"]
[BlackElo "1643"]
[PlyCount "91"]
[EventDate "2017.01.14"]

1. d4 d5 2. Nf3 e6 3. c4 c6 4. Qc2 Nf6 5. g3 Ne4 6. a3 Qa5+ 7. Nbd2 Bb4 8. Bg2
Nxd2 9. Nxd2 O-O 10. O-O Qa6 11. Nf3 Be7 12. b3 Nd7 13. e4 dxe4 14. Qxe4 Nf6
15. Qc2 Rd8 16. Bb2 Bd7 17. Rfe1 c5 18. dxc5 Bxc5 19. b4 Be7 20. Ne5 Be8 21.
Rac1 Qb6 22. Qe2 a5 23. c5 Qc7 24. c6 b6 25. b5 Rac8 26. Nc4 Nd5 27. Be5 Qa7
28. Qb2 Bf6 29. Bxd5 Bxe5 30. Rxe5 exd5 31. Ne3 d4 32. Nd5 Kf8 33. Qxd4 f6 34.
Re7 Qxe7 35. Nxe7 Kxe7 36. Qxb6 a4 37. Re1+ Kf8 38. Qc5+ Kg8 39. Qc4+ Bf7 40.
Qxa4 Bd5 41. Qb4 Re8 42. Rxe8+ Rxe8 43. f4 Re4 44. Qd2 Bc4 45. b6 Re2 46. Qxe2
1-0

[Event "2017 Oceania Zone 3.6 Zonal Championship"]
[Site "Auckland NZL"]
[Date "2017.01.15"]
[Round "2.28"]
[White "Lim, Christopher"]
[Black "Hague, Ben"]
[Result "0-1"]
[WhiteElo "1691"]
[BlackElo "2333"]
[PlyCount "92"]
[EventDate "2017.01.14"]

1. d4 Nf6 2. c4 e6 3. Nc3 Bb4 4. e3 b6 5. Nge2 c5 6. a3 Ba5 7. Rb1 Qe7 8. Bd2
Bb7 9. Ng3 O-O 10. Bd3 Bxc3 11. Bxc3 d6 12. O-O Nbd7 13. Qc2 Rfd8 14. Rfd1 Rac8
15. b3 cxd4 16. exd4 d5 17. Bb4 Qe8 18. Re1 a5 19. Bd6 Nf8 20. Nf5 Ng6 21. Bg3
dxc4 22. bxc4 Qc6 23. Ne3 Rxd4 24. f3 Rcd8 25. Red1 Ba6 26. Bf2 R4d7 27. Nf1
Rb8 28. c5 Bxd3 29. Rxd3 Rxd3 30. Qxd3 b5 31. Qd4 Nd5 32. Rb2 h6 33. Qd2 Ne5
34. Ra2 b4 35. axb4 axb4 36. Ra1 b3 37. Rb1 Nc4 38. Qc1 Qa4 39. Qe1 b2 40. Bd4
Qc2 41. Qg3 e5 42. Bxe5 Nxe5 43. Qxe5 Qxb1 44. Qxb8+ Kh7 45. Qe5 Qc2 46. Nd2
Qd1+ 0-1

[Event "2017 Oceania Zone 3.6 Zonal Championship"]
[Site "Auckland NZL"]
[Date "2017.01.15"]
[Round "2.29"]
[White "Taylor, Richard"]
[Black "Parsonage, Ian P"]
[Result "0-1"]
[WhiteElo "1848"]
[BlackElo "2043"]
[PlyCount "101"]
[EventDate "2017.01.14"]

1. e4 c6 2. d4 d5 3. exd5 cxd5 4. c4 Nf6 5. Nc3 Nc6 6. Nf3 e6 7. c5 Be7 8. Bb5
Bd7 9. O-O O-O 10. a3 a5 11. Bxc6 Bxc6 12. Ne5 Qc8 13. Bf4 Ne4 14. Nxe4 dxe4
15. Re1 Bd5 16. Qh5 f6 17. Ng4 Qe8 18. Qxe8 Rfxe8 19. Bc7 a4 20. h4 f5 21. Ne5
Bxh4 22. g3 Bd8 23. Bxd8 Rexd8 24. Re3 Rac8 25. Rc3 Kf8 26. Rac1 Bb3 27. c6
bxc6 28. Nxc6 Rd6 29. Ne5 Rxc3 30. bxc3 g5 31. Kf1 Bd5 32. c4 Bb7 33. c5 Rxd4
34. c6 Bc8 35. c7 Rd5 36. Nc6 Ke8 37. Na7 Kd7 38. Kg2 Rd2 39. Kg1 h5 40. Rc4 h4
41. gxh4 gxh4 42. Nc6 h3 43. Ne5+ Kd6 44. Nf7+ Ke7 45. Ne5 h2+ 46. Kxh2 e3 47.
Rc1 exf2 48. Kg2 Kf6 49. Nc4 Ra2 50. Nd6 Ba6 51. c8=Q 0-1

[Event "2017 Oceania Zone 3.6 Zonal Championship"]
[Site "Auckland NZL"]
[Date "2017.01.15"]
[Round "2.30"]
[White "Bhat, Vishal"]
[Black "Kumar, Viney"]
[Result "1-0"]
[WhiteElo "1995"]
[BlackElo "1703"]
[PlyCount "121"]
[EventDate "2017.01.14"]

1. e4 c6 2. d4 d5 3. Nc3 dxe4 4. Nxe4 Bf5 5. Ng3 Bg6 6. h4 h6 7. Nf3 Nd7 8. h5
Bh7 9. Bd3 Bxd3 10. Qxd3 e6 11. Bd2 Ngf6 12. O-O-O Qc7 13. Kb1 O-O-O 14. c4 Bd6
15. Ne4 Nxe4 16. Qxe4 Nf6 17. Qe2 c5 18. Bc3 Kb8 19. Ne5 Bxe5 20. dxe5 Ng8 21.
Qg4 Rh7 22. Rxd8+ Qxd8 23. Rd1 Qe8 24. Rd6 Ne7 25. Qd1 Kc8 26. b4 Nf5 27. Rd3
cxb4 28. Bxb4 Rh8 29. g4 Ne7 30. Bxe7 Qxe7 31. Rd6 Qc7 32. Qd4 b6 33. Kc2 Rd8
34. Kb3 f6 35. f4 fxe5 36. fxe5 Rxd6 37. exd6 Qd7 38. a4 Kb7 39. Qe4+ Qc6 40.
Qxe6 Qf3+ 41. Kc2 Qf2+ 42. Kd3 Qf3+ 43. Kd4 Qf4+ 44. Qe4+ Qxe4+ 45. Kxe4 Kc6
46. Ke5 Kd7 47. Kd5 Kd8 48. Ke6 Ke8 49. d7+ Kd8 50. Kf7 Kxd7 51. Kxg7 Kd6 52.
Kxh6 Kc5 53. g5 Kxc4 54. g6 Kb4 55. g7 Kxa4 56. g8=Q a5 57. Qc4+ Ka3 58. Qb5 a4
59. Qxb6 Ka2 60. Qa5 a3 61. Kg5 1-0

[Event "2017 Oceania Zone 3.6 Zonal Championship"]
[Site "Auckland NZL"]
[Date "2017.01.15"]
[Round "2.31"]
[White "Lim, Benjamin U"]
[Black "Perrin, Kevin J"]
[Result "1-0"]
[WhiteElo "1920"]
[BlackElo "1537"]
[PlyCount "103"]
[EventDate "2017.01.14"]

1. Nf3 Nf6 2. g3 d5 3. d4 g6 4. Bg2 Bg7 5. c4 c6 6. cxd5 cxd5 7. Nc3 O-O 8. O-O
b6 9. Ne5 Bb7 10. Bg5 e6 11. Qd2 Nc6 12. Rac1 Rc8 13. Nb5 a6 14. Nxc6 Rxc6 15.
Rxc6 Bxc6 16. Nc3 Qd7 17. Rc1 Rc8 18. Bh6 Ng4 19. Bxg7 Kxg7 20. e3 Nf6 21. Bf1
Bb7 22. Ne2 Qd6 23. Rxc8 Bxc8 24. Qc2 Bd7 25. Nc3 a5 26. Bd3 Ne8 27. Kf1 Qc7
28. Ke2 Nd6 29. Qb3 Kf6 30. Qxd5 Kg7 31. Qb3 Qc6 32. f3 h5 33. Nd1 b5 34. Qc3
Qxc3 35. Nxc3 b4 36. Ne4 Nxe4 37. Bxe4 Kf6 38. Bd3 Ke7 39. e4 Bc6 40. Ke3 f6
41. Bc4 Kd6 42. h4 Bd7 43. Kf4 Ke7 44. e5 f5 45. d5 exd5 46. Bxd5 Be8 47. Kg5
a4 48. a3 bxa3 49. bxa3 Kd7 50. Kf6 Kd8 51. f4 Kd7 52. Bf7 1-0

[Event "2017 Oceania Zone 3.6 Zonal Championship"]
[Site "Auckland NZL"]
[Date "2017.01.15"]
[Round "2.32"]
[White "Croad, Nicholas"]
[Black "Li, Leo Xiang Yu"]
[Result "1-0"]
[WhiteElo "2278"]
[BlackElo "1322"]
[PlyCount "63"]
[EventDate "2017.01.14"]

1. d4 d5 2. c4 dxc4 3. Nf3 Nf6 4. e3 Nc6 5. Bxc4 Bf5 6. Nc3 e6 7. a3 Bd6 8. h3
e5 9. O-O O-O 10. d5 Ne7 11. b4 a6 12. Bb2 Qc8 13. Nd2 b5 14. Ba2 e4 15. g4
Nxg4 16. hxg4 Bxg4 17. f3 exf3 18. Rxf3 Bh5 19. Qf1 f5 20. Ne2 Bxf3 21. Nxf3
Qb7 22. Qg2 Rf7 23. Ng5 Qb6 24. Bd4 Qb7 25. Nxf7 Kxf7 26. Qxg7+ Ke8 27. Qf6
Nxd5 28. Qe6+ Ne7 29. Qf7+ Kd7 30. Be6+ Kc6 31. Rc1+ Bc5 32. Rxc5+ 1-0

[Event "2017 Oceania Zone 3.6 Zonal Championship"]
[Site "Auckland NZL"]
[Date "2017.01.15"]
[Round "2.33"]
[White "Shen, Kevin"]
[Black "Nakauchi, Gene"]
[Result "0-1"]
[WhiteElo "1672"]
[BlackElo "2238"]
[PlyCount "56"]
[EventDate "2017.01.14"]

1. d4 Nf6 2. Nf3 c5 3. c3 e6 4. Bg5 d5 5. e3 Qb6 6. Qc2 Ne4 7. Bh4 Bd6 8. Nbd2
f5 9. Be2 O-O 10. Nxe4 fxe4 11. dxc5 Bxc5 12. Nd4 Nc6 13. Nb3 Bd6 14. Bg3 Bxg3
15. hxg3 Bd7 16. Rd1 Ne5 17. O-O Bb5 18. Nd4 Bxe2 19. Qxe2 Nd3 20. Qg4 Rf6 21.
Rb1 Raf8 22. f4 exf3 23. gxf3 Ne5 24. Qh5 Nxf3+ 25. Nxf3 Qxe3+ 26. Kg2 Rxf3 27.
Qxf3 Rxf3 28. Rxf3 Qe2+ 0-1